Miasta w Bułgarii - nagła śmierć - Statystyki

Ogólne statystyki
  • Ten quiz został rozwiązany 137 razy
  • Średni wynik to 6 z 12
Answers on the Grid
Answers color-coded by a green-red scale on the quiz's grid according to % correct below.
Čačak
Kumanowo
Sztip
Wełes
Timisoara
Konstanca
Burgas
Dobricz
Kyrdżali
Montana
Plewen
Płowdiw
Ruse
Sliwen
Sofia
Stara Zagora
Szumen
Warna
 
Statystyki odpowiedzi
Odpowiedź % Poprawnych
Sofia
94%
Warna
89%
Płowdiw
83%
Burgas
69%
Stara Zagora
60%
Plewen
58%
Sliwen
34%
Dobricz
31%
Ruse
31%
Kyrdżali
30%
Szumen
26%
Montana
17%
Nie znaleziono quizów pasujących do podanych kryteriów
Rozkład punktacji
Procent ludzi z każdym wynikiem
Percentyl według liczby udzielonych odpowiedzi
Twoja historia wyników
Nie rozwiązałeś tego quizu